| 000 | 01667pab a2200157 454500 | ||
|---|---|---|---|
| 008 | 180718b2003 xxu||||| |||| 00| 0 eng d | ||
| 100 | _aNelissen, Nico | ||
| 245 | _aPublic management: the need for ambiguity tolerance and moral engagement | ||
| 260 | _c2003 | ||
| 300 | _ap.19-34. | ||
| 520 | _aThis article starts by presenting a bird's eye perspective on the history of ideas about public management (Section I). Several stages in the intellectual history of public management are distinguished. After the big picture of the evolution of thinking about public management attention is given to societal developments, as perceived by public managers (Section 2). Top civil servants in The Netherlands were asked to mention societal developments that they believe to be of crucial importance for the future of public management. High-ranking issues were "receding government", business-like government", and "declining trust in government." Confronted with these intractable challenges, how can public managers be served by the approaches available in public management thinking? The authors argue that the issue is not to choose one approach and dump the others (Section 3). Instead, they conceive of the public manager as a simultaneous chess player who has to balance competing values all the time. As a guide to action for the public manager the authors stress the importance of (a) developing the intrapersonal skill of ambiguity tolerance; and (b) strengthening a moral commitment to public values. - Reproduced. | ||
| 650 | _aPublic administration | ||
| 700 | _aGoede, Peter de | ||
| 773 | _aInternational Journal of Public Administration | ||
| 909 | _a56646 | ||
| 999 |
_c56646 _d56646 |
||